Sociedades y Asociaciones Civiles 2012

Detalles Bibliográficos
Autor principal: Domn̕guez Orozco, Jaime
Otros Autores: Resňdiz Nn︢ez, Cuauhtm̌oc
Formato: eBook
Lenguaje:español
Publicado: Mx̌ico D.F. : Ediciones Fiscales ISEF, 2012
Materias:
Acceso en línea:http://www.vlex.com/source/10998

MARC

LEADER 00000nam a22000007a 4500
005 20130408154150.0
007 cr|||| ||||
008 130408e2012 mx |||||s|||| 00||0 spa d
020 |a 978-368-726-679-2  
035 |a 10998 
040 |a vLex 
090 |c 4159  |d 4159 
100 1 0 |a Domn̕guez Orozco, Jaime 
245 1 0 |a Sociedades y Asociaciones Civiles 2012  |c / Jaime Domn̕guez Orozco, Cuauhtm̌oc Resňdiz Nn︢ez   |h [Recurso electrn̤ico] 
256 |a Servicio en ln̕ea 
260 |a Mx̌ico D.F. :  |b Ediciones Fiscales ISEF,   |c 2012 
300 |a 1 Recurso electrn̤ico 
506 |a Contenido solo disponible en los productos indicados  |d vLex Global  |d vLex Global (Academic Edition, excluding Law Schools)  |d vLex Global (U.S. Academic Edition, Law Schools)  |d vLex Global (U.S. Academic Edition, excluding Law Schools)  |d vLex Global (Academic Edition, Law Schools) 
650 0 4 |a Derecho mercantil  |z Mx̌ico 
650 0 4 |a Derecho civil  |z Mx̌ico 
650 0 4 |a Asociaciones, instituciones, etc.  |z Mx̌ico 
700 1 0 |a Resňdiz Nn︢ez, Cuauhtm̌oc  
740 |a vLex Libros (Servicio en ln̕ea) 
856 |a Acceso restringido  |u http://www.vlex.com/source/10998 
942 |c BOOK 
999 0 |a Commercial law